00703 2200265 4500001002100000005001700021008004100038020001800079035002400097082001100121090001800132100002200150245007700172250001000249260003600259300002400295650002100319700001800340850001500358980001300373985000600386999001500392999001500407999001500422YOGYA-0209000004000720090227025617.0 ind  a979-98815-2-8 0010-020900000040007 a808.81 a808.81bIkh G aIKHWAN, Moch. Nur aGeneologi akubkumpulan sajakcMoch Nur Ichwan; penyunting, Sekona Hasan aCet.1 aYogyakartabKalimat Pressc2006 axvi, 122 hlmc19 cm aSajak - Kumpulan aHasan, Sekona aYOPDYOG(M) a10-11-07 a3 a07B0031576 a07B0031577 a07B0031578